000
00486nam a2200181Ia 4500
008
090123s9999 xx 000 0 und d
082
_b
36485
100
_a
सराफ ज.रा.
245
_a
नंदादीप
250
_a
0
260
_b
घरकुल प्रकाशन
_c
1999
300
_a
128
600
_a
सराफ ज.रा.
630
_a
नंदादीप
700
_a
सराफ ज.रा.
730
_a
नंदादीप
942
_c
BOOK
999
_c
74553
_d
74553